Statistiques concernant Pays les plus visités en Afrique

Cliquez ici pour prendre le quiz!

Statistiques générales

  • Ce quiz a été pris 631 fois
  • Le résultat moyen est 7 sur 10

Statistiques - réponses

Touristes (en 2016)Pays% Correct
10.3 millionMaroc
100%
10.0 millionAfrique du Sud
97%
5.7 millionTunisie
96%
2.0 millionAlgerie
95%
5.3 millionEgypte
95%
1.9 millionNigeria
60%
1.6 millionCôte d'Ivoire
59%
1.5 millionNamibie
45%
1.6 millionMozambique
28%
2.2 millionZimbabwe
23%

Distribution des résultats

Percentile par nombre de réponses

% des personnes avec chaque résultat

Votre développement - résultats

Vous n’avez pas pris ce quiz